Basic Electronics (Record no. 4445)

MARC details
000 -LEADER
fixed length control field 00394nam a22001697a 4500
005 - DATE AND TIME OF LATEST TRANSACTION
control field 20160628142445.0
008 - FIXED-LENGTH DATA ELEMENTS--GENERAL INFORMATION
fixed length control field 160628b xxu||||| |||| 00| 0 eng d
020 ## - INTERNATIONAL STANDARD BOOK NUMBER
ISBN 978-81-906919-4-9
041 ## - LANGUAGE CODE
Language code of text/sound track or separate title eng
082 ## - DEWEY DECIMAL CLASSIFICATION NUMBER
Item number 11266
100 ## - MAIN ENTRY--AUTHOR NAME
Personal name Gupta, J.B.
245 ## - TITLE STATEMENT
Title Basic Electronics
260 ## - PUBLICATION, DISTRIBUTION, ETC. (IMPRINT)
Name of publisher Katson Books
Year of publication 2012
300 ## - PHYSICAL DESCRIPTION
Number of Pages 519
650 ## - SUBJECT ADDED ENTRY--TOPICAL TERM
Topical Term Diploma Engineering
942 ## - ADDED ENTRY ELEMENTS (KOHA)
Koha item type Books
Holdings
Lost status Damaged status Home library Current library Shelving location Date acquired Cost, normal purchase price Full call number Accession Number Koha item type Collection code Source of acquisition
    JRU Library   SHELF-36-H 28/06/2016 275.00 11266 11266 Books    
    JRU Library   SHELF-36-K 28/06/2016 275.00 11266 11267 Books    
    JRU Library JRU Library SHELF-58-D 28/06/2016 275.00 11266 11268 Books MINING  
    JRU Library   SHELF-36-I 28/06/2016 275.00 11266 11269 Books    
    JRU Library   SHELF-36-J 28/06/2016 275.00 11266 11270 Books    
    JRU Library   SHELF-36-I 28/06/2016 275.00 11266 11271 Books    
    JRU Library   SHELF-36-H 28/06/2016 275.00 11266 11272 Books    
    JRU Library   SHELF-36-H 28/06/2016 275.00 11266 11273 Books    
    JRU Library   SHELF-36-H 28/06/2016 275.00 11266 11274 Books    
    JRU Library   SHELF-36-I 28/06/2016 275.00 11266 11275 Books    
    JRU Library   SHELF-36-J 28/06/2016 275.00 11266 11276 Books    
    JRU Library   SHELF-36-K 28/06/2016 275.00 11266 11277 Books    
    JRU Library JRU Library SHELF-106-E 28/06/2016 275.00 621.381 11278 Books PARAMEDICAL PURCHASE
    JRU Library     28/06/2016 275.00 11266 11279 Books    
    JRU Library     28/06/2016 275.00 11266 11280 Books    
    JRU Library   SHELF-36-J 28/06/2016 275.00 11266 11281 Books    
    JRU Library   SHELF-36-H 28/06/2016 275.00 11266 11282 Books    
    JRU Library   SHELF-36-I 28/06/2016 275.00 11266 11283 Books    
    JRU Library   SHELF-36-I 28/06/2016 275.00 11266 11284 Books